All CTA Orange Line stations - Statistics

General Stats
  • This quiz has been taken 26 times
  • The average score is 12 of 16
Answer Stats
Answer % Correct
Clark/Lake
100%
Midway
100%
Quincy
100%
Adams/Wabash
86%
State/Lake
86%
Washington/Wabash
86%
35th/Archer
71%
Harold Washington library
71%
Kedzie
71%
LaSalle/Van Buren
71%
Pulaski
71%
Washington/Wells
71%
Ashland
57%
Halsted
57%
Roosevelt
57%
Western
57%
No matching quizzes found
Score Distribution
Percent of People with Each Score
Percentile by Number Answered
Your Score History
You have not taken this quiz